A first course in statistics/ (Record no. 10322)

MARC details
000 -LEADER
fixed length control field 00780nam a22001577a 4500
005 - DATE AND TIME OF LATEST TRANSACTION
control field 20240726133802.0
008 - FIXED-LENGTH DATA ELEMENTS--GENERAL INFORMATION
fixed length control field 240719b ||||| |||| 00| 0 eng d
050 ## - LIBRARY OF CONGRESS CALL NUMBER
Classification number QA276.M378(7e)
245 ## - TITLE STATEMENT
Title A first course in statistics/
Statement of responsibility, etc. James T. McClave
250 ## - EDITION STATEMENT
Edition statement 7e
300 ## - PHYSICAL DESCRIPTION
Extent xx, 537 p,:
Dimensions 26cm.
500 ## - GENERAL NOTE
General note Includes index
505 ## - FORMATTED CONTENTS NOTE
Formatted contents note Contents: Statistics, data, and statistical thinking -- Methods for describing sets of data -- Probability -- Random variables and probability distributions -- Inferences based on a single sample: estimation with confidence intervals -- Inferences based on a simple test of hypothesis -- Comparing population means -- Comparing population proportions -- Simple linear regression
700 ## - ADDED ENTRY--PERSONAL NAME
Personal name Sincich, Terry
9 (RLIN) 2925
942 ## - ADDED ENTRY ELEMENTS (KOHA)
Source of classification or shelving scheme Library of Congress Classification
Koha item type Books
Edition 7e
Holdings
Withdrawn status Lost status Source of classification or shelving scheme Damaged status Not for loan Home library Current library Shelving location Date acquired Full call number Barcode Date last seen Copy number Price effective from Koha item type
    Library of Congress Classification     WISCONSIN INTERNATIONAL UNIVERSITY COLLEGE, GHANA - MAIN LIBRARY WISCONSIN INTERNATIONAL UNIVERSITY COLLEGE, GHANA - MAIN LIBRARY Reference 19/07/2024 QA276.M378(7e) 9741/442/24 19/07/2024 1 19/07/2024 Reference

If you have any concerns or questions; kindly contact the library


© Powered by WIUC ICT DIRECTORATE